| 000 | 02186nam a2200541 i 4500 | ||
|---|---|---|---|
| 001 | 10613 | ||
| 003 | KOSZ 005 | ||
| 005 | 20190906100148.0 | ||
| 008 | 970612s1989 pl a f f |000 0 pol | ||
| 015 | _aPB 1991/11114 | ||
| 035 | _a991002015469705066 | ||
| 035 | _a(PL-WaBN)b10562497-48omnis_nlop | ||
| 035 | _ab10562497 | ||
| 035 | _a(OCoLC)830075425 | ||
| 035 | _a(PL)b0000001056249 | ||
| 035 | _a(EXLNZ-48OMNIS_NETWORK)9910406934605606 | ||
| 040 |
_aWA N _cWA N _dKOSZ 005/HR |
||
| 046 | _k1989 | ||
| 080 | _a628.1/.3 | ||
| 080 | _a(075.8) | ||
| 100 | 1 |
_aPąprowicz, Jan _eAutor |
|
| 245 | 1 | 0 |
_aTechnologia wody i ścieków. _nCz. 2, _pŚcieki miejskie i przemysłowe / _cJan Pąprowicz, Bohdan Ptoszek, Alicja Dudek ; [pod red. Tadeusza Leszka Wierzbickiego]. |
| 246 | 3 | 0 | _aŚcieki miejskie i przemysłowe |
| 260 |
_aBiałystok : _bWydawnictwa Politechniki Białostockiej, _c1989. |
||
| 300 |
_a161, [1] s. : _brys., wykr. ; _c24 cm. |
||
| 336 |
_2rdacontent _aTekst _btxt |
||
| 337 |
_2rdamedia _aBeaz urządzenia pośredniczącego _bn |
||
| 338 |
_2rdacarrier _aWolumin _bnc |
||
| 380 | _aKsiążki | ||
| 380 | _aPublikacje dydaktyczne | ||
| 385 |
_mPoziom nauczania _aSzkoły wyższe |
||
| 388 | _a1901-2000 | ||
| 388 | _a1989-2000 | ||
| 500 | _aOznaczono jako cz. 2 : Ścieki miejskie i przemysłowe - stanowi integralną część Laboratorium z technologii wody i ścieków. Cz. 1 : Woda pitna i przemysłowa, jak również oprac. Analiza wody i ścieków / T. L. Wierzbicki, wydanego w 1981 roku. | ||
| 504 | _aBibliogr. przy rozdz. | ||
| 650 | 7 |
_aOczyszczanie ścieków _2DBN |
|
| 650 | 7 | _aUzdatnianie wody | |
| 650 | 7 | _aŚcieki | |
| 655 | 7 |
_aPodręczniki akademickie _2DBN |
|
| 658 | _aInżynieria i technika | ||
| 700 | 1 |
_aDudek, Alicja _eAutor |
|
| 700 | 1 |
_aPtoszek, Bohdan _eAutor |
|
| 700 | 1 |
_aWierzbicki, Tadeusz Leszek _d(1932-2017) _eRedakcja |
|
| 710 | 2 |
_aOficyna Wydawnicza Politechniki Białostockiej _4pbl |
|
| 856 |
_uhttp://koha.tu.koszalin.pl/cgi-bin/koha/opac-detail.pl?biblionumber=10613 _yKatalog online BPK |
||
| 942 |
_2UKD _cKS |
||
| 999 |
_c10613 _d10613 |
||